000 00688nam a2200193 i 4500
001 152755
003 ES-MaACL
005 20230906204849.0
008 931025s1898 sp |||| | spa d
100 1 _aBronson Rea, George.
_9126187
245 1 3 _aLa verdad de la guerra /
_crevelaciones de Un periodista yankee ; traducción directa del inglés.
260 _aMadrid :
_b[s.n.],
_c1898 (
_fTipografía Herres, á cargo de J. Quesada)
300 _a183 p., [4] h. de fot. en bl. y n. ;
_c19 cm.
594 1 _aPrecede al tít.: Entre los rebeldes.
700 0 1 _aHerres,
_eimp.
_9127933
752 _aEspaña -
_dMadrid
852 _aES-MaACL
_jD-2095
_z-- Rust.
999 _c152755
_d152755